Normal view
MARC view
- Business.
Entry Topical Term
001 - CONTROL NUMBER
- control field: 46921
003 - CONTROL NUMBER IDENTIFIER
- control field: OSt
005 - DATE AND TIME OF LATEST TRANSACTION
- control field: 20221129135934.0
008 - FIXED-LENGTH DATA ELEMENTS
- fixed length control field: 221129|| aca||aabn | a|a d
040 ## - CATALOGING SOURCE
- Original cataloging agency: OSt
- Transcribing agency: OSt
150 ## - HEADING--TOPICAL TERM
- Topical term or geographic name entry element: Business.
670 ## - SOURCE DATA FOUND
- Source citation: Work cat.: (OSt): de Vera, Ben o. 46920, PH eyes to sell at least $1B in euro bonds / , January 22, 2020.
